000 00623cab a22001935a 4500
001 L154121
008 111018e20111015xxk 000 0 eng d
035 _a(Sirsi) u154121
041 0 _aeng
100 1 _aBarnard, Lucy
245 0 0 _aSale of the century?
260 _c2011
490 _aEstates Gazette
_v(1141) 15 October 2011, 66-69(3)
520 _aDiscusses plans by DEFRA, the MoD, the NHS, and the DfT, to sell off surplus land for housebuilding. Looks at some of the sites which will become available.
590 _aKA
651 4 _aUnited Kingdom
_y
690 _aPROPERTY-PROPERTY DEVELOPMENT
942 _n0
999 _c83496
_d83496